Ark Bosses - Statistics

General Stats
  • This quiz has been taken 22 times
  • The average score is 14 of 26
Answer Stats
MAP BOSS % Correct
The Island Dragon
100%
The Island Broodmother
94%
The Island Overseer
94%
Aberration Edmund Rockwell
89%
The Island Megapithecus
89%
Scorched Earth Manticore
78%
Extinction Desert Titan
72%
Extinction Forest Titan
72%
Extinction Ice Titan
72%
Crystal Isles Crystal Wyvern Queen
67%
Extinction King Titan
67%
Fjordur Hati
61%
Fjordur Skoll
56%
Genesis 1 Moeder
50%
Fjordur Beyla
44%
Ragnarok Lava Elemental
44%
Lost Island Dinopithecus King
39%
Ragnarok Ice Worm Queen
39%
Genesis 2 Rockwell Prime
39%
Genesis 2 Experimental Giga
33%
Fjordur Fenrisulfr
33%
Genesis 1 Master Controller
33%
Fjordur Steinbjorn
28%
Genesis 2 Machrophage
6%
Genesis 2 Macro Summoner
6%
Genesis 2 Rockwell Node
6%
No matching quizzes found
Score Distribution
Percent of People with Each Score
Percentile by Number Answered
Your Score History
You have not taken this quiz